| 000 | 01036cam a22002175a 4500 | ||
|---|---|---|---|
| 001 | L150218 | ||
| 008 | 100614e2010 xxk 000 0 eng d | ||
| 035 | _a(Sirsi) u150218 | ||
| 041 | 0 | _aeng | |
| 100 | 1 | _aEade, Christine | |
| 245 | 0 | 0 |
_aMarkets _bShropshire and Staffordshire |
| 260 | _c2010 | ||
| 490 | 0 |
_aProperty Week _v76(23) 11 June 2010, 47-50(4) |
|
| 520 | _aShearer Property Group and Shropshire Council collaborate over the revival of Shrewsbury's three covered shopping centres. Reports on the aftermath of two property disasters in the region: the Shrewsbury gas explosion in January and the Stafford fire in March which destroyed the derelict St George's Hospital. North Staffs regeneration endangered by likely public sector cuts. Hark and Apollo is challenging Asda's and local authority's plan to develop Telford supermarket. | ||
| 590 | _aKA | ||
| 651 | 4 | _aShropshire | |
| 651 | 4 | _aStaffordshire | |
| 690 | _aPROPERTY-COMMERCIAL PROPERTY-COMMERCIAL PROPERTY MARKET | ||
| 700 | 1 | _aHerbert, Mike | |
| 942 | _n0 | ||
| 999 |
_c82425 _d82425 |
||